000
00251nam a2200097Ia 4500
008
240331s9999 xx 000 0 und d
082
_b
REA
100
_a
Rashtriya,A. ed
245
0
_a
Reaching for half the sky :
_b
a reaader in women's movement
942
_c
L
999
_c
1919
_d
1919